[Event "84th YMCA Autumn A"]
[Site "Warszawa"]
[Date "2010.10.15"]
[Round "4"]
[White "Adamski, Andrzej"]
[Black "Kedzierski, Slawomir"]
[Result "1-0"]
[WhiteElo "2254"]
[BlackElo "2102"]
[PlyCount "159"]
[EventDate "2010.09.24"]
[EventType "tourn"]
[EventRounds "1"]
[EventCountry "POL"]
[SourceDate "2010.10.05"]

1. e4 c5 2. Nc3 Nc6 3. f4 d6 4. Nf3 Nf6 5. d3 g6 6. g3 Bg7 7. Bg2 O-O 8. O-O
Rb8 9. h3 b5 10. g4 b4 11. Ne2 a5 12. Ng3 a4 13. Be3 Ba6 14. Rf2 Ne8 15. Rb1
Nc7 16. f5 Nb5 17. Qf1 a3 18. b3 Nc3 19. Ra1 Nb5 20. Kh2 Nbd4 21. Nh4 Qd7 22.
Qc1 Bb7 23. Bh6 Ne5 24. Bxg7 Kxg7 25. Qe3 f6 26. g5 d5 27. Rg1 dxe4 28. Bxe4
Bxe4 29. Nxe4 Qc7 30. Kh1 Qc6 31. gxf6+ exf6 32. Rfg2 g5 33. Nxg5 fxg5 34.
Qxg5+ Kf7 35. Qg7+ Ke8 36. Qxe5+ Kd7 37. Qg7+ Kd6 38. Qxh7 Rh8 39. Qg7 Qd5 40.
Kh2 Qe5+ 41. Qxe5+ Kxe5 42. Ng6+ Kf6 43. Nxh8 Nf3+ 44. Kg3 Nxg1 45. Rxg1 Rxh8
46. Kf4 Rh4+ 47. Rg4 Rxh3 48. Rg6+ Ke7 49. Rc6 Rh1 50. Rxc5 Ra1 51. Ke5 Rxa2
52. f6+ Kf7 53. Rc7+ Kg6 54. Rg7+ Kh6 55. Rg1 Rxc2 56. Rf1 a2 57. Kd5 Rf2 58.
Ra1 Rc2 59. Rf1 Rf2 60. Rh1+ Kg6 61. Kc4 Rd2 62. Rf1 Kf7 63. Kxb4 Rxd3 64. Ka3
Rf3 65. Re1 Re3 66. Rc1 Rc3 67. Ra1 Rc6 68. Rxa2 Ra6+ 69. Kb2 Rxf6 70. Kc3 Ke7
71. Rd2 Rd6 72. Rxd6 Kxd6 73. Kb4 Kc6 74. Ka5 Kb7 75. Kb5 Ka7 76. Kc6 Ka6 77.
b4 Ka7 78. b5 Kb8 79. Kb6 Ka8 80. Kc7 1-0

[Event "84th YMCA Autumn A"]
[Site "Warszawa"]
[Date "2010.10.12"]
[Round "4"]
[White "Lewandowski, Rafal"]
[Black "Luksik, Mateusz"]
[Result "1-0"]
[WhiteElo "2202"]
[BlackElo "2111"]
[Annotator "Admin"]
[PlyCount "83"]
[EventDate "2010.09.24"]
[EventType "tourn"]
[EventRounds "1"]
[EventCountry "POL"]
[SourceDate "2010.10.05"]

1. e4 c5 2. Nf3 d6 3. d4 cxd4 4. Nxd4 Nf6 5. Nc3 a6 6. Bg5 e6 7. f4 Qb6 8. Qd2
Nc6 9. Bxf6 gxf6 10. Nb3 h5 11. Be2 Bd7 12. O-O-O Rc8 13. Rhf1 Na5 14. Nxa5
Qxa5 15. Kb1 Be7 16. Rf3 b5 17. e5 d5 18. exf6 Bxf6 19. Nxd5 Qxd2 20. Nxf6+ Ke7
21. Rxd2 Bc6 22. Ra3 Kxf6 23. Rxa6 Bxg2 24. Bxb5 Rhg8 25. a4 Be4 26. b4 Rg4 27.
Rf2 h4 28. h3 Rg3 29. f5 Bxf5 30. Bd3 Rxd3 31. cxd3 Kg5 $11 32. Ra5 Rc3 33. Kb2
Rxd3 34. b5 Rd1 35. Rxf5+ exf5 36. b6 Rd8 37. b7 Rb8 38. Rb5 Kf6 39. a5 f4 40.
Kc2 f3 41. Kd2 Re8 42. b8=Q 1-0

[Event "84th YMCA Autumn A"]
[Site "Warszawa"]
[Date "2010.11.10"]
[Round "4"]
[White "Michniewski, Tomasz"]
[Black "Zurkowski, Andrzej"]
[Result "0-1"]
[WhiteElo "2165"]
[BlackElo "2120"]
[PlyCount "114"]
[EventDate "2010.09.24"]
[EventType "tourn"]
[EventRounds "1"]
[EventCountry "POL"]
[SourceDate "2010.10.05"]

1. d4 c5 2. d5 e5 3. c4 d6 4. e4 Be7 5. Nc3 Bg5 6. Bxg5 Qxg5 7. Nb5 Qe7 8. Nf3
Nf6 9. Bd3 O-O 10. h3 a6 11. Nc3 Nh5 12. g4 Nf4 13. Ne2 b5 14. Nxf4 exf4 15.
cxb5 axb5 16. Qd2 f5 17. gxf5 Bxf5 18. Qxf4 Ra4 19. Qe3 Re8 20. Nd2 Qf6 21. O-O
c4 22. Bc2 Rb4 23. Qc3 Rxb2 24. Qxf6 gxf6 25. Rfc1 Bxh3 26. Rab1 Rxb1 27. Rxb1
Bd7 28. Nf3 Na6 29. Nd4 b4 30. Nc6 Bxc6 31. dxc6 Re5 32. Rd1 Ra5 33. Bb1 Rc5
34. Rxd6 Kf7 35. Bc2 Nb8 36. Ba4 Ke7 37. c7 Rxc7 38. Rb6 Nd7 39. Rxb4 Ne5 40.
Kf1 h5 41. Bc2 Kd6 42. Rb6+ Kc5 43. Rxf6 Kd4 44. Rf5 h4 45. Ke2 Rh7 46. Rg5 h3
47. Rg1 h2 48. Rh1 Kc3 49. Bb3 cxb3 50. axb3 Rh3 51. f4 Ng4 52. e5 Kd4 53. e6
Ke4 54. e7 Re3+ 55. Kf1 Kf3 56. f5 Rxe7 57. f6 Ra7 0-1

[Event "84th YMCA Autumn A"]
[Site "Warszawa"]
[Date "2010.11.10"]
[Round "4"]
[White "Janczarski, Michal"]
[Black "Choroszej, Aleksander"]
[Result "1-0"]
[WhiteElo "2303"]
[BlackElo "2122"]
[PlyCount "73"]
[EventDate "2010.09.24"]
[EventType "tourn"]
[EventRounds "1"]
[EventCountry "POL"]
[SourceDate "2010.10.05"]

1. c4 g6 2. g3 Bg7 3. Bg2 d6 4. Nc3 Nf6 5. e3 O-O 6. Nge2 c5 7. a3 Nc6 8. Rb1
Bf5 9. d3 Qd7 10. h3 e5 11. b4 cxb4 12. axb4 Rac8 13. b5 Ne7 14. e4 Be6 15. Qa4
a6 16. bxa6 Qxa4 17. Nxa4 bxa6 18. Ba3 Nc6 19. Rb6 a5 20. O-O Rfd8 21. Rfb1 Nd7
22. Rb7 Nc5 23. Bxc5 dxc5 24. Nxc5 Nb4 25. Nxe6 fxe6 26. Nc1 Bh6 27. Bf1 Bxc1
28. Rxc1 Nxd3 29. Bxd3 Rxd3 30. Ra7 Rf8 31. Rc2 Ra3 32. c5 Rc8 33. c6 Ra1+ 34.
Kg2 a4 35. Rd7 Kf8 36. c7 Ke8 37. Rcd2 1-0

[Event "84th YMCA Autumn A"]
[Site "Warszawa"]
[Date "2010.10.22"]
[Round "5"]
[White "Zurkowski, Andrzej"]
[Black "Janczarski, Michal"]
[Result "0-1"]
[WhiteElo "2120"]
[BlackElo "2303"]
[Annotator "Admin"]
[PlyCount "94"]
[EventDate "2010.09.24"]
[EventType "tourn"]
[EventRounds "1"]
[EventCountry "POL"]
[SourceDate "2010.10.05"]

1. d4 c5 2. Nf3 cxd4 3. Nxd4 g6 4. e4 Bg7 5. Nc3 Nc6 6. Be3 Nf6 7. Be2 O-O 8.
O-O d5 9. exd5 Nxd5 10. Nxd5 Qxd5 11. Bf3 Qc4 12. Nxc6 bxc6 13. c3 e5 14. Qb3
Qa6 15. Qc2 Bf5 16. Be4 Bxe4 17. Qxe4 Rab8 18. Qc2 Rfd8 19. Rfd1 Rd5 20. b3
Rbd8 21. h3 h6 22. Rxd5 cxd5 23. Bc5 d4 24. c4 Qc6 25. b4 d3 26. Qd2 Qa4 27.
Rc1 f5 28. g3 g5 29. h4 gxh4 30. gxh4 f4 31. Kh2 Qe8 32. Rg1 Qh5 33. Be7 Rd7
34. Bf6 Rf7 35. Rxg7+ Rxg7 36. Qxd3 Rf7 37. Qd8+ Kh7 38. Qe8 Kg6 39. Bd8 $11
Qf5 40. c5 f3 41. Kg1 Qg4+ 42. Kf1 Qg2+ 43. Ke1 Qg1+ 44. Kd2 Qxf2+ 45. Kc3 Qd4+
46. Kb3 Qd5+ 47. Kc3 Kh5 0-1

[Event "84th YMCA Autumn A"]
[Site "Warszawa"]
[Date "2010.10.22"]
[Round "5"]
[White "Luksik, Mateusz"]
[Black "Michniewski, Tomasz"]
[Result "1-0"]
[WhiteElo "2111"]
[BlackElo "2165"]
[PlyCount "153"]
[EventDate "2010.09.24"]
[EventType "tourn"]
[EventRounds "1"]
[EventCountry "POL"]
[SourceDate "2010.10.05"]

1. Nf3 c5 2. c4 Nc6 3. d4 cxd4 4. Nxd4 Nf6 5. Nc3 d6 6. e4 e6 7. Be3 Be7 8. Be2
O-O 9. O-O Bd7 10. Ndb5 Qb8 11. Bf4 Ne5 12. Bg5 a6 13. f4 Nc6 14. Na3 Qc7 15.
Qd2 h6 16. Bxf6 Bxf6 17. Rad1 Nd4 18. Bd3 Bc6 19. Bb1 Rfd8 20. Nc2 Nxc2 21.
Qxc2 g6 22. Kh1 Kg7 23. Nd5 exd5 24. cxd5 Rac8 25. dxc6 Qxc6 26. Qd2 Qb5 27. b3
a5 28. Bd3 Qc5 29. Qe2 Qh5 30. Qxh5 gxh5 31. Bc4 Rc7 32. Rd5 Rc5 33. g3 Rxd5
34. Bxd5 Rd7 35. Rc1 Bd4 36. Rc8 h4 37. Kg2 hxg3 38. hxg3 Re7 39. Kf3 b5 40.
Kg4 Kg6 41. Rg8+ Kh7 42. Rd8 Bc5 43. Kf5 Kg7 44. Rc8 Bf2 45. g4 b4 46. Rc6 Rd7
47. Ra6 Bc5 48. Rxa5 Ra7 49. Rb5 Rxa2 50. e5 Ra7 51. Bc4 Re7 52. Ra5 Rc7 53. e6
f6 54. Ra8 d5 55. Bxd5 Be7 56. Re8 Ra7 57. Ke4 Rc7 58. Bc6 Bd6 59. Bd5 Be7 60.
Bc4 Ra7 61. Rc8 Bf8 62. Bb5 Be7 63. Bd3 Bf8 64. Rd8 Re7 65. Kf5 Rc7 66. Bc4
Rc5+ 67. Ke4 Be7 68. Rd7 Kf8 69. Rb7 Rc8 70. Kf5 Rd8 71. Kg6 Rc8 72. Kxh6 Rd8
73. Kg6 Rc8 74. Ra7 Rd8 75. Ra1 Rd2 76. Rh1 Kg8 77. Rh7 1-0

[Event "84th YMCA Autumn A"]
[Site "Warszawa"]
[Date "2010.11.02"]
[Round "5"]
[White "Kedzierski, Slawomir"]
[Black "Lewandowski, Rafal"]
[Result "0-1"]
[WhiteElo "2102"]
[BlackElo "2202"]
[PlyCount "64"]
[EventDate "2010.09.24"]
[EventType "tourn"]
[EventRounds "1"]
[EventCountry "POL"]
[SourceDate "2010.10.05"]

1. d4 Nf6 2. Nf3 e6 3. c4 b6 4. Nc3 Bb7 5. e3 Bb4 6. Bd2 O-O 7. Bd3 d6 8. Qc2
Nbd7 9. O-O Rc8 10. a3 Bxc3 11. Bxc3 c5 12. Nd2 h6 13. b4 d5 14. dxc5 bxc5 15.
b5 e5 16. cxd5 Nxd5 17. Bb2 c4 18. Bxc4 N7b6 19. Qb3 Nxe3 20. Qxe3 Nxc4 21.
Nxc4 Rxc4 22. Qxe5 Rg4 23. g3 Re8 24. Qc5 Qd3 25. f3 Rc4 26. Qxa7 Re2 27. Qxb7
Rcc2 28. Qb8+ Kh7 29. g4 Rxb2 30. Qf4 Qc2 31. Qf5+ Qxf5 32. gxf5 Rg2+ 0-1

[Event "84th YMCA Autumn A"]
[Site "Warszawa"]
[Date "2010.10.22"]
[Round "5"]
[White "Moskwinski, Tadeusz"]
[Black "Adamski, Andrzej"]
[Result "1-0"]
[WhiteElo "2213"]
[BlackElo "2254"]
[PlyCount "79"]
[EventDate "2010.09.24"]
[EventType "tourn"]
[EventRounds "1"]
[EventCountry "POL"]
[SourceDate "2010.10.05"]

1. e4 g6 2. d4 Bg7 3. Nc3 a6 4. a4 d6 5. Be3 Nf6 6. h3 O-O 7. g4 Nc6 8. Nge2 e5
9. Bg2 exd4 10. Nxd4 Bd7 11. O-O Re8 12. Re1 Nxd4 13. Bxd4 Bc6 14. b4 h5 15. b5
Bd7 16. g5 Nh7 17. Bxg7 Kxg7 18. Qd4+ Kg8 19. f4 axb5 20. axb5 Rxa1 21. Rxa1
Be6 22. Kh2 f6 23. h4 Rf8 24. Rf1 fxg5 25. hxg5 c6 26. b6 h4 27. Qe3 Qe7 28.
Ra1 Qf7 29. Ra7 Bc8 30. Ne2 Bg4 31. Nd4 Qd7 32. Bf1 Nxg5 33. Ba6 Bf3 34. f5 Qe7
35. Nxf3 Nxf3+ 36. Qxf3 Qe5+ 37. Kh3 bxa6 38. b7 d5 39. Ra8 dxe4 40. Qb3+ 1-0

[Event "84th YMCA Autumn A"]
[Site "Warszawa"]
[Date "2010.10.22"]
[Round "5"]
[White "Kukawski, Maciej"]
[Black "Sanz Losada, Victoriano"]
[Result "1/2-1/2"]
[WhiteElo "2314"]
[BlackElo "2138"]
[Annotator "Admin"]
[PlyCount "74"]
[EventDate "2010.09.24"]
[EventType "tourn"]
[EventRounds "1"]
[EventCountry "POL"]
[SourceDate "2010.10.05"]

1. e4 e5 2. Nf3 Nc6 3. Nc3 Nf6 4. d4 exd4 5. Nxd4 d6 6. Bb5 Bd7 7. Bxc6 bxc6 8.
f3 c5 9. Nde2 Be7 10. Be3 O-O 11. Qd2 Qb8 12. b3 Re8 13. g4 Bc6 14. g5 Nd7 15.
h4 Qb7 16. Ng3 g6 17. h5 Bf8 18. hxg6 hxg6 19. Qh2 Bg7 20. Qh7+ Kf8 21. Bd2 d5
22. Nf5 gxf5 23. O-O-O dxe4 24. fxe4 fxe4 25. Rhf1 e3 26. g6 exd2+ 27. Rxd2 Ne5
28. gxf7 Nxf7 29. Rdf2 Bf3 30. Rxf3 Re1+ 31. Nd1 Rxf1 32. Rxf1 Qg2 33. Qf5 Bh6+
34. Kb1 Qg7 35. Qxc5+ Kg8 36. Rg1 Bg5 37. Nf2 Qf8 $11 1/2-1/2

[Event "84th YMCA Autumn A"]
[Site "Warszawa"]
[Date "2010.10.22"]
[Round "5"]
[White "Liberadzki, Slawomir"]
[Black "Malec, Sebastian"]
[Result "1/2-1/2"]
[WhiteElo "2083"]
[BlackElo "2155"]
[Annotator "Admin"]
[PlyCount "48"]
[EventDate "2010.09.24"]
[EventType "tourn"]
[EventRounds "1"]
[EventCountry "POL"]
[SourceDate "2010.10.05"]

1. e4 e6 2. d4 d5 3. e5 c5 4. c3 Qb6 5. Nf3 Nc6 6. Bd3 Bd7 7. Bc2 cxd4 8. cxd4
Nb4 9. Nc3 Nxc2+ 10. Qxc2 Rc8 11. O-O Bb4 12. Bd2 Ne7 13. a3 Bxc3 14. Bxc3 a5
15. Qd2 Nc6 16. Rfc1 O-O 17. Ne1 a4 18. Rab1 Qb3 19. Nd3 b6 20. Bb4 Nxb4 21.
Nxb4 Bb5 22. Rxc8 Rxc8 23. Rc1 Rxc1+ 24. Qxc1 Bc4 $11 1/2-1/2

[Event "84th YMCA Autumn A"]
[Site "Warszawa"]
[Date "2010.11.05"]
[Round "6"]
[White "Kasperkiewicz, Pawel"]
[Black "Malec, Sebastian"]
[Result "1/2-1/2"]
[WhiteElo "2102"]
[BlackElo "2155"]
[PlyCount "114"]
[EventDate "2010.09.24"]
[EventType "tourn"]
[EventRounds "1"]
[EventCountry "POL"]
[SourceDate "2010.10.05"]

1. e4 c5 2. c3 d5 3. exd5 Qxd5 4. d4 Nf6 5. Nf3 e6 6. Na3 Bd7 7. Nb5 Bxb5 8.
Bxb5+ Nbd7 9. O-O c4 10. Qa4 Rc8 11. Ne5 a6 12. Bxc4 Qe4 13. Bg5 b5 14. Qxa6
Rxc4 15. Nxc4 bxc4 16. Qc8+ Ke7 17. Qxc4 Qd5 18. Qxd5 exd5 19. f3 Kd6 20. b3
Kc6 21. c4 Ba3 22. Rfd1 Ra8 23. Bc1 dxc4 24. bxc4 Nb6 25. Bxa3 Rxa3 26. c5 Nc4
27. Rac1 Ne3 28. Re1 Nfd5 29. Re2 Nf4 30. Rd2 f5 31. Rb1 Rc3 32. h4 Nc4 33. Rf2
Rd3 34. Rb8 Rxd4 35. Rc8+ Kd7 36. Rg8 Nh5 37. Rf1 Ne3 38. Re1 f4 39. Rc1 Rd2
40. c6+ Kc7 41. Kh2 Rxg2+ 42. Kh3 Rg3+ 43. Kh2 Rxf3 44. Rf8 Ng4+ 45. Kg1 Rg3+
46. Kf1 Ne5 47. Rf5 Rf3+ 48. Kg2 Rg3+ 49. Kf1 Nd3 50. Rc4 Nf6 51. Rg5 Rf3+ 52.
Kg2 Rf2+ 53. Kg1 g6 54. Ra5 f3 55. Ra7+ Kc8 56. c7 Rg2+ 57. Kf1 Rf2+ 1/2-1/2

[Event "84th YMCA Autumn A"]
[Site "Warszawa"]
[Date "2010.11.05"]
[Round "6"]
[White "Sanz Losada, Victoriano"]
[Black "Liberadzki, Slawomir"]
[Result "1-0"]
[WhiteElo "2138"]
[BlackElo "2083"]
[PlyCount "59"]
[EventDate "2010.09.24"]
[EventType "tourn"]
[EventRounds "1"]
[EventCountry "POL"]
[SourceDate "2010.10.05"]

1. d4 d5 2. c4 e6 3. Nc3 Nf6 4. Bg5 Be7 5. e3 h6 6. Bxf6 Bxf6 7. cxd5 exd5 8.
Qc2 O-O 9. O-O-O b6 10. Nge2 Bb7 11. g4 c5 12. Bg2 cxd4 13. Nxd4 Nc6 14. Nf5 d4
15. Qa4 Qb8 16. Nd5 dxe3 17. Nxf6+ gxf6 18. Bxc6 e2 19. Rd6 Bc8 20. Ne7+ Kg7
21. Qf4 Be6 22. h4 Qc7 23. g5 fxg5 24. hxg5 Qxe7 25. gxh6+ Kh8 26. Bxa8 Rxa8
27. Qe5+ f6 28. Qxe6 Qc7+ 29. Kb1 Rf8 30. Qd7 1-0

[Event "84th YMCA Autumn A"]
[Site "Warszawa"]
[Date "2010.11.05"]
[Round "6"]
[White "Adamski, Andrzej"]
[Black "Kukawski, Maciej"]
[Result "0-1"]
[WhiteElo "2254"]
[BlackElo "2314"]
[PlyCount "62"]
[EventDate "2010.09.24"]
[EventType "tourn"]
[EventRounds "1"]
[EventCountry "POL"]
[SourceDate "2010.10.05"]

1. e4 e5 2. Nf3 Nc6 3. Nc3 Nf6 4. d4 Bb4 5. Nxe5 Nxe4 6. Qg4 Nxc3 7. Qxg7 Rf8
8. a3 Nxd4 9. axb4 Nxc2+ 10. Kd2 Nxa1 11. Kxc3 Qe7 12. Bg5 f6 13. Qxe7+ Kxe7
14. Bh4 a5 15. b5 a4 16. Bc4 d5 17. Bxd5 Kd6 18. Bc4 Kxe5 19. Rxa1 Kf5 20. Re1
Kg6 21. Re7 c6 22. b6 a3 23. bxa3 Rxa3+ 24. Kb4 Ra1 25. Bd3+ f5 26. Re3 Rc1 27.
Be7 Re8 28. g4 Kf7 29. Bc5 fxg4 30. Bxh7 Be6 31. f3 Rc4+ 0-1

[Event "84th YMCA Autumn A"]
[Site "Warszawa"]
[Date "2010.10.20"]
[Round "6"]
[White "Lewandowski, Rafal"]
[Black "Moskwinski, Tadeusz"]
[Result "1-0"]
[WhiteElo "2202"]
[BlackElo "2213"]
[PlyCount "93"]
[EventDate "2010.09.24"]
[EventType "tourn"]
[EventRounds "1"]
[EventCountry "POL"]
[SourceDate "2010.10.05"]

1. e4 c5 2. Nf3 d6 3. d4 cxd4 4. Nxd4 Nf6 5. Nc3 a6 6. Bg5 Nc6 7. Qd2 e6 8. f4
Bd7 9. O-O-O b5 10. Nxc6 Bxc6 11. Bd3 b4 12. Ne2 Qb6 13. Ng3 Ng4 14. f5 h6 15.
h3 Ne5 16. Bf4 Qa5 17. Kb1 Be7 18. Nh5 Rg8 19. g4 Rc8 20. Rhf1 Qc5 21. Be3 Qa5
22. f6 gxf6 23. Nxf6+ Bxf6 24. Rxf6 Bb5 25. Bd4 Bxd3 26. cxd3 Nc6 27. Be3 h5
28. Rdf1 Rc7 29. Qf2 b3 30. a3 Qb5 31. Rxf7 Qxd3+ 32. Ka1 Qxf1+ 33. Qxf1 Rxf7
34. Qxa6 Ne5 35. g5 Rf3 36. Qa8+ Kf7 37. Qb7+ Kg6 38. Qxb3 Re8 39. Qb5 Rc8 40.
Bd4 Rc1+ 41. Ka2 Nf7 42. Qe8 Kxg5 43. Qxe6 Rh1 44. Qe7+ Kg6 45. h4 Re1 46. Qf8
Ne5 47. Qxd6+ 1-0

[Event "84th YMCA Autumn A"]
[Site "Warszawa"]
[Date "2010.11.18"]
[Round "6"]
[White "Michniewski, Tomasz"]
[Black "Kedzierski, Slawomir"]
[Result "1/2-1/2"]
[WhiteElo "2165"]
[BlackElo "2102"]
[PlyCount "81"]
[EventDate "2010.09.24"]
[EventType "tourn"]
[EventRounds "1"]
[EventCountry "POL"]
[SourceDate "2010.10.05"]

1. d4 d5 2. c4 e6 3. Nc3 Nf6 4. cxd5 exd5 5. Bg5 Be7 6. e3 O-O 7. Bd3 Nbd7 8.
Nge2 c6 9. Qc2 Re8 10. O-O g6 11. f3 Nh5 12. Bxe7 Rxe7 13. e4 dxe4 14. fxe4 Nf8
15. d5 Bg4 16. Nf4 Qd6 17. Nxh5 Bxh5 18. h3 g5 19. Kh1 Bg6 20. Rae1 Re5 21. Rd1
Qc5 22. Qb3 Qe7 23. a3 g4 24. hxg4 Re8 25. dxc6 bxc6 26. Kg1 Ne6 27. Bc4 Qg5
28. Bxe6 R8xe6 29. Qb8+ Kg7 30. Qxa7 Qxg4 31. Qf2 Rg5 32. Rd7 Kh6 33. Qf3 Qh4
34. Qf4 Qh5 35. Rf3 Kg7 36. Rh3 Rg4 37. Qe3 Rh4 38. Qd4+ Kh6 39. Qe3+ Kg7 40.
Qd4+ Kh6 41. Qe3+ 1/2-1/2

[Event "84th YMCA Autumn A"]
[Site "Warszawa"]
[Date "2010.11.05"]
[Round "6"]
[White "Janczarski, Michal"]
[Black "Luksik, Mateusz"]
[Result "1/2-1/2"]
[WhiteElo "2303"]
[BlackElo "2111"]
[Annotator "Admin"]
[PlyCount "97"]
[EventDate "2010.09.24"]
[EventType "tourn"]
[EventRounds "1"]
[EventCountry "POL"]
[SourceDate "2010.10.05"]

1. g3 Nf6 2. Bg2 g6 3. c4 Bg7 4. Nc3 O-O 5. Nf3 d6 6. O-O c6 7. d3 Re8 8. Rb1
d5 9. cxd5 cxd5 10. Bg5 h6 11. Bxf6 Bxf6 12. Qb3 e6 13. d4 Nc6 $11 14. e3 Na5
15. Qc2 Bd7 16. Rbc1 Rc8 17. Nd2 Nc4 18. Nxc4 Rxc4 19. Qb3 Qb6 20. Qxb6 axb6
21. Ne4 Be7 22. Rxc4 dxc4 23. Nd2 Bb5 24. Rc1 Ba6 25. a4 Rc8 26. Bf1 c3 27.
Rxc3 Ra8 28. Bxa6 Rxa6 29. b3 b5 30. axb5 Rb6 31. Rc8+ Kg7 32. Rc7 Kf8 33. Kf1
Rxb5 34. Ke2 Bb4 35. Ne4 Be7 36. Rc3 Ke8 37. Nc5 Bxc5 38. dxc5 Kd7 39. Kd3 Kc6
$11 40. Kd4 f6 41. e4 e5+ 42. Ke3 Rxc5 43. Rd3 Kb5 44. Rd7 b6 45. Rd6 Rc6 46.
Rxc6 Kxc6 47. Kd3 Kc5 48. Kc3 Kd6 49. g4 1/2-1/2

[Event "84th YMCA Autumn A"]
[Site "Warszawa"]
[Date "2010.11.09"]
[Round "6"]
[White "Choroszej, Aleksander"]
[Black "Zurkowski, Andrzej"]
[Result "0-1"]
[WhiteElo "2122"]
[BlackElo "2120"]
[PlyCount "126"]
[EventDate "2010.09.24"]
[EventType "tourn"]
[EventRounds "1"]
[EventCountry "POL"]
[SourceDate "2010.10.05"]

1. d4 c5 2. d5 e5 3. c4 d6 4. Nc3 Be7 5. g3 Bg5 6. Bxg5 Qxg5 7. Nf3 Qe7 8. e4
Nf6 9. Bg2 O-O 10. O-O g6 11. Qd2 Nh5 12. Rad1 Bg4 13. Rde1 Bxf3 14. Bxf3 Ng7
15. Bd1 f5 16. f3 f4 17. g4 h5 18. h3 Kf7 19. Qg2 Nd7 20. Kf2 a6 21. Rg1 Rg8
22. Ke2 b5 23. b3 Nb6 24. Kd3 Qd7 25. Bc2 Rab8 26. Rb1 h4 27. Qf2 g5 28. Qd2
Qc7 29. Rgc1 bxc4+ 30. bxc4 Nxc4 31. Kxc4 Rb4+ 32. Rxb4 cxb4+ 33. Kd3 bxc3 34.
Qxc3 Qb6 35. Ba4 Qe3+ 36. Kc2 Qe2+ 37. Kb1 Rb8+ 38. Ka1 Rb7 39. Bc6 Rb6 40. Bd7
a5 41. Be6+ Kf6 42. Rc2 Qf1+ 43. Rc1 Qb5 44. Bf5 Ne8 45. Qc2 Nc7 46. Qb3 Qa6
47. Qc4 Qb7 48. Bd7 Na6 49. Bc6 Qb8 50. Ba4 Nc5 51. Bc2 Rb4 52. Qc3 Qb5 53. Rb1
Qe2 54. Bb3 Qe3 55. Rc1 Nxb3+ 56. axb3 Rxb3 57. Qc4 Qxf3 58. Rb1 Qc3+ 59. Qxc3
Rxc3 60. Rb6 f3 61. Rxd6+ Kf7 62. Rb6 f2 63. Rb1 Re3 0-1

[Event "84th YMCA Autumn A"]
[Site "Warszawa"]
[Date "2010.11.17"]
[Round "7"]
[White "Zurkowski, Andrzej"]
[Black "Kasperkiewicz, Pawel"]
[Result "1/2-1/2"]
[WhiteElo "2120"]
[BlackElo "2102"]
[PlyCount "108"]
[EventDate "2010.09.24"]
[EventType "tourn"]
[EventRounds "1"]
[EventCountry "POL"]
[SourceDate "2010.10.05"]

1. d4 Nf6 2. Nf3 d6 3. Nbd2 Nbd7 4. e4 e5 5. Bc4 Be7 6. c3 O-O 7. O-O c6 8. a4
exd4 9. cxd4 d5 10. exd5 Nxd5 11. Re1 N7f6 12. Ne5 Be6 13. Ndf3 Nc7 14. Bd3 Bd5
15. Be3 Ne6 16. Qc2 Qd6 17. Nh4 g6 18. Bh6 Ng7 19. Bxg7 Kxg7 20. Bxg6 fxg6 21.
Nexg6 Ne4 22. Nxf8 Bxh4 23. Rxe4 Bxe4 24. Qxe4 Bxf2+ 25. Kxf2 Rxf8+ 26. Kg1 Rf4
27. Qe5+ Qxe5 28. dxe5 Kf7 29. Rf1 Rxf1+ 30. Kxf1 Ke6 31. Ke2 Kxe5 32. Ke3 c5
33. g4 b6 34. b3 a6 35. h4 b5 36. a5 c4 37. bxc4 bxc4 38. g5 Kf5 39. Kd4 Kg4
40. Kxc4 Kxh4 41. Kc5 Kxg5 42. Kb6 h5 43. Kxa6 h4 44. Kb7 h3 45. a6 h2 46. a7
h1=Q+ 47. Kb8 Qh2+ 48. Kb7 Qh7+ 49. Kb8 Qg8+ 50. Kb7 Qf7+ 51. Kb8 Qe8+ 52. Kb7
Qd7+ 53. Kb8 Qb5+ 54. Ka8 Qb6 1/2-1/2

[Event "84th YMCA Autumn A"]
[Site "Warszawa"]
[Date "2010.11.12"]
[Round "7"]
[White "Luksik, Mateusz"]
[Black "Choroszej, Aleksander"]
[Result "1/2-1/2"]
[WhiteElo "2111"]
[BlackElo "2122"]
[Annotator "Admin"]
[PlyCount "92"]
[EventDate "2010.09.24"]
[EventType "tourn"]
[EventRounds "1"]
[EventCountry "POL"]
[SourceDate "2010.10.05"]

1. Nf3 g6 2. c4 Bg7 3. Nc3 d6 4. d4 Nf6 5. e4 O-O 6. Be2 e5 7. O-O Nc6 8. d5
Ne7 9. Nd2 Nd7 10. Nb3 f5 11. f4 exf4 12. exf5 Nxf5 13. Bxf4 Ne5 14. Qd2 Bd7
15. Bg5 Qe8 16. Rae1 h6 17. Bf4 g5 18. Bxe5 Bxe5 19. Bg4 Qg6 20. Nb5 c6 21. Nc7
Rac8 22. dxc6 bxc6 23. Rxe5 Rxc7 24. Ree1 Bc8 25. Bxf5 Rxf5 26. Rxf5 Bxf5 27.
Nd4 Be4 28. Qa5 Rf7 29. Qd8+ Kh7 30. b3 c5 31. Nf3 Bxf3 32. gxf3 Qd3 33. Qa8
$11 Qd4+ 34. Kh1 Qf2 35. Qe4+ Kg7 36. Qe2 Rxf3 37. Qxf2 Rxf2 38. Re7+ Kf6 39.
Rxa7 Rb2 40. Rh7 Rxa2 41. Rxh6+ Ke7 42. Rg6 Rb2 43. Rxg5 Rxb3 44. Kg2 Rb4 45.
Rg4 d5 46. Rg5 dxc4 $11 1/2-1/2

[Event "84th YMCA Autumn A"]
[Site "Warszawa"]
[Date "2010.11.12"]
[Round "7"]
[White "Kedzierski, Slawomir"]
[Black "Janczarski, Michal"]
[Result "1/2-1/2"]
[WhiteElo "2102"]
[BlackElo "2303"]
[Annotator "Admin"]
[PlyCount "78"]
[EventDate "2010.09.24"]
[EventType "tourn"]
[EventRounds "1"]
[EventCountry "POL"]
[SourceDate "2010.10.05"]

1. Nf3 c5 2. g3 d5 3. Bg2 Nc6 4. O-O Nf6 5. d3 Bg4 6. h3 Bxf3 7. Bxf3 Qd7 8.
Bg2 O-O-O 9. Nd2 h5 10. a3 e5 11. c3 e4 12. b4 h4 13. g4 Nxg4 14. dxe4 dxe4 15.
Qa4 e3 16. Ne4 exf2+ 17. Nxf2 Nxf2 18. Rxf2 Qd1+ 19. Qxd1 Rxd1+ 20. Rf1 Rxf1+
21. Kxf1 Bd6 22. Be3 Re8 23. Bf2 g5 24. Rd1 Rd8 25. Rd5 Be7 26. bxc5 Rxd5 27.
Bxd5 Nd8 28. a4 Kd7 29. Bd4 f5 30. e4 fxe4 31. Bxe4 Nc6 32. Ke2 Nxd4+ $11 33.
cxd4 b6 34. cxb6 axb6 35. Kd3 Kd6 36. Kc4 Bf6 37. Bf5 Bg7 38. d5 Ba1 39. Be6
Bh8 $11 1/2-1/2

[Event "84th YMCA Autumn A"]
[Site "Warszawa"]
[Date "2010.11.12"]
[Round "7"]
[White "Moskwinski, Tadeusz"]
[Black "Michniewski, Tomasz"]
[Result "1/2-1/2"]
[WhiteElo "2213"]
[BlackElo "2165"]
[Annotator "Admin"]
[PlyCount "78"]
[EventDate "2010.09.24"]
[EventType "tourn"]
[EventRounds "1"]
[EventCountry "POL"]
[SourceDate "2010.10.05"]

1. e4 c5 2. Nf3 d6 3. d4 cxd4 4. Nxd4 Nf6 5. Nc3 e6 6. Be3 Be7 7. f3 a6 8. Qd2
b5 9. a4 b4 10. Na2 d5 11. e5 Nfd7 12. f4 Nc5 13. Bd3 Nxd3+ 14. cxd3 a5 15. O-O
g6 16. Nc1 Bd7 17. Ncb3 O-O 18. Rfc1 Ra6 19. Qf2 Nc6 20. Nb5 f6 21. exf6 Rxf6
22. Qg3 Rf5 23. Nc5 Ra8 24. Nd4 Nxd4 25. Bxd4 Bc8 26. Qe3 Bd6 27. Be5 Qf8 28.
Nb3 Bd7 29. Nd4 Rxf4 30. Qxf4 Qxf4 31. Bxf4 Bxf4 32. Re1 e5 33. Nf3 d4 34. Nxe5
Bf5 35. Rad1 Re8 36. Nf3 Be3+ 37. Kh1 Rc8 38. Re2 b3 39. Ne5 Rc5 $11 1/2-1/2

[Event "84th YMCA Autumn A"]
[Site "Warszawa"]
[Date "2010.11.12"]
[Round "7"]
[White "Kukawski, Maciej"]
[Black "Lewandowski, Rafal"]
[Result "1-0"]
[WhiteElo "2314"]
[BlackElo "2202"]
[PlyCount "53"]
[EventDate "2010.09.24"]
[EventType "tourn"]
[EventRounds "1"]
[EventCountry "POL"]
[SourceDate "2010.10.05"]

1. e4 c5 2. c3 Nf6 3. e5 Nd5 4. d4 cxd4 5. Nf3 Nc6 6. Bc4 e6 7. cxd4 d6 8. O-O
Be7 9. Qe2 O-O 10. Nc3 Nxc3 11. bxc3 dxe5 12. dxe5 Qa5 13. Bd2 Rd8 14. Rfe1 a6
15. Bb3 Ba3 16. Qe4 Ne7 17. Rad1 h6 18. Bc2 Ng6 19. Qg4 Rxd2 20. Nxd2 Nxe5 21.
Qe4 f6 22. Qh7+ Kf8 23. Rxe5 Qxe5 24. Nc4 Qxc3 25. Bg6 f5 26. Qh8+ Ke7 27. Qd8#
1-0